<?xml version="1.0" encoding="UTF-8"?>
<record
    xmlns:xsi="http://www.w3.org/2001/XMLSchema-instance"
    xsi:schemaLocation="http://www.loc.gov/MARC21/slim http://www.loc.gov/standards/marcxml/schema/MARC21slim.xsd"
    xmlns="http://www.loc.gov/MARC21/slim">

  <leader>01871nam a2200265 a 4500</leader>
  <controlfield tag="001">81016</controlfield>
  <controlfield tag="003">BD-RjUL</controlfield>
  <controlfield tag="005">20221226144737.0</controlfield>
  <controlfield tag="008">221226s1955    ua ab    b    001 0 ara d</controlfield>
  <datafield tag="035" ind1=" " ind2=" ">
    <subfield code="a">(BD-RjUL)81016</subfield>
  </datafield>
  <datafield tag="040" ind1=" " ind2=" ">
    <subfield code="a">FUG</subfield>
    <subfield code="c">FUG</subfield>
    <subfield code="d">CStRLIN</subfield>
    <subfield code="d">CU-SB</subfield>
    <subfield code="d">UkOxU</subfield>
    <subfield code="b">eng</subfield>
  </datafield>
  <datafield tag="041" ind1=" " ind2=" ">
    <subfield code="a">ara</subfield>
  </datafield>
  <datafield tag="082" ind1=" " ind2=" ">
    <subfield code="2">23</subfield>
    <subfield code="a">297.09</subfield>
    <subfield code="b">AMJ 1955</subfield>
  </datafield>
  <datafield tag="100" ind1="1" ind2=" ">
    <subfield code="a">Am&#x12B;n, A&#x1E25;mad,;; &#x623;&#x645;&#x64A;&#x646;&#x60C; &#x623;&#x62D;&#x645;&#x62F;.</subfield>
    <subfield code="d">1886-1954.</subfield>
    <subfield code="9">250224</subfield>
  </datafield>
  <datafield tag="245" ind1="1" ind2="0">
    <subfield code="a">&#x638;&#x647;&#x631; &#x627;&#x644;&#x625;&#x633;&#x644;&#x627;&#x645; /;; &#x1E92;uhr al-Isl&#x101;m. /</subfield>
    <subfield code="c">&#x62A;&#x623;&#x644;&#x64A;&#x641; &#x623;&#x62D;&#x645;&#x62F; &#x623;&#x645;&#x64A;&#x646;.;; ta&#x2BC;l&#x12B;f A&#x1E25;mad Am&#x12B;n.</subfield>
  </datafield>
  <datafield tag="250" ind1=" " ind2=" ">
    <subfield code="a">1st.ed. ;; </subfield>
  </datafield>
  <datafield tag="260" ind1=" " ind2=" ">
    <subfield code="a">al-Q&#x101;hirah ;; :&#x627;&#x644;&#x642;&#x627;&#x647;&#x631;&#x629; :</subfield>
    <subfield code="b">Maktabat al-Nah&#x1E0D;ah al-Mi&#x1E63;r&#x12B;yah;; ,&#x645;&#x643;&#x62A;&#x628;&#x629; &#x627;&#x644;&#x646;&#x647;&#x636;&#x629; &#x627;&#x644;&#x645;&#x635;&#x631;&#x64A;&#x629;&#x60C;</subfield>
    <subfield code="c">1955</subfield>
  </datafield>
  <datafield tag="300" ind1=" " ind2=" ">
    <subfield code="a">v. :</subfield>
    <subfield code="b">ill., folded maps ;</subfield>
    <subfield code="c">24 cm.</subfield>
  </datafield>
  <datafield tag="504" ind1=" " ind2=" ">
    <subfield code="a">Includes bibliographical references and indexes.</subfield>
  </datafield>
  <datafield tag="505" ind1="0" ind2=" ">
    <subfield code="a">al-Juz&#x2BC; 1. al-&#x1E24;&#x101;lah al-ijtim&#x101;&#x2BF;&#x12B;yah wa-mar&#x101;kiz al-&#x1E25;ay&#x101;h al-&#x2BF;aql&#x12B;yah min &#x2BF;ahd al-Mutawakkil il&#xE1; &#x101;khir al-qarn al-r&#x101;bi&#x2BF; al-hijr&#x12B; -- al-juz&#x2BC; 2. T&#x101;r&#x12B;kh al-&#x2BF;ul&#x16B;m wa-al-&#x101;d&#x101;b wa-al-fun&#x16B;n f&#x12B; al-qarn al-r&#x101;bi&#x2BF; al-hijr&#x12B; -- al-juz&#x2BC; 3. al-&#x1E24;ay&#x101;h al-&#x2BF;aql&#x12B;yah f&#x12B; al-Andalus min fat&#x1E25; al-&#x2BF;Arab la-h&#x101; il&#xE1; khur&#x16B;jihim minh&#x101;, wa-yatakallamu f&#x12B; al-&#x1E25;arak&#x101;t al-d&#x12B;n&#x12B;yah wa-al-lughaw&#x12B;yah wa-al-na&#x1E25;w&#x12B;yah wa-al-adab&#x12B;yah wa-al-falsaf&#x12B;yah wa-al-t&#x101;r&#x12B;kh&#x12B;yah wa-al-fann&#x12B;yah -- al-juz&#x2BC; 4. al-Madh&#x101;hib wa-al-&#x2BF;aq&#x101;&#x2BC;id wa-ta&#x1E6D;awwuruh&#x101; wa-f&#x12B; al-&#x1E63;ir&#x101;&#x2BF; baynah&#x101;, wa-f&#x12B; al-mar&#x1E25;alah al-akh&#x12B;rah min tadw&#x12B;nih&#x101; f&#x12B; mut&#x16B;n thumma shar&#x1E25; h&#x101;dhihi al-mulakhkha&#x1E63;&#x101;t, ma&#x2BF;a na&#x1E93;ar&#x101;t f&#x12B; mustaqbal al-madh&#x101;hib al-Isl&#x101;m&#x12B;yah.</subfield>
  </datafield>
  <datafield tag="505" ind1="0" ind2=" ">
    <subfield code="a">Vol, 4 . al-Madh&#x101;hib wa-al-&#x2BF;aq&#x101;&#x2BC;id wa-ta&#x1E6D;awwuruh&#x101; wa-f&#x12B; al-&#x1E63;ir&#x101;&#x2BF; baynah&#x101;, wa-f&#x12B; al-mar&#x1E25;alah al-akh&#x12B;rah min tadw&#x12B;nih&#x101; f&#x12B; mut&#x16B;n thumma shar&#x1E25; h&#x101;dhihi al-mulakhkha&#x1E63;&#x101;t, </subfield>
  </datafield>
  <datafield tag="650" ind1=" " ind2="0">
    <subfield code="a">Islamic civilization.</subfield>
    <subfield code="9">250225</subfield>
  </datafield>
  <datafield tag="650" ind1=" " ind2="0">
    <subfield code="a">Islam.</subfield>
    <subfield code="9">250226</subfield>
  </datafield>
  <datafield tag="942" ind1=" " ind2=" ">
    <subfield code="2">ddc</subfield>
    <subfield code="c">BK</subfield>
  </datafield>
  <datafield tag="999" ind1=" " ind2=" ">
    <subfield code="c">81016</subfield>
    <subfield code="d">81016</subfield>
  </datafield>
  <datafield tag="952" ind1=" " ind2=" ">
    <subfield code="0">0</subfield>
    <subfield code="1">0</subfield>
    <subfield code="2">ddc</subfield>
    <subfield code="4">0</subfield>
    <subfield code="7">1</subfield>
    <subfield code="8">NFIC</subfield>
    <subfield code="a">RUCL</subfield>
    <subfield code="b">RUCL</subfield>
    <subfield code="c">Reading</subfield>
    <subfield code="d">2022-12-26</subfield>
    <subfield code="l">0</subfield>
    <subfield code="o">A 297.09 AMJ V-4 1955</subfield>
    <subfield code="r">2022-12-26 00:00:00</subfield>
    <subfield code="t">C-1</subfield>
    <subfield code="w">2022-12-26</subfield>
    <subfield code="y">BK</subfield>
  </datafield>
</record>
